Memoria histórica sobre la revolución de Chile desde el cautiverio de Fernando VII hasta 1814
Kaydedildi:
| Yazar: | |
|---|---|
| Materyal Türü: | Kitap |
| Dil: | İspanyolca |
| Baskı/Yayın Bilgisi: |
Santiago, Chile
Biblioteca Nacional
1964
|
| Seri Bilgileri: | Colección de Historiadores y de Documentos Relativos a la Independencia de Chile,
41-42 |
| Konular: | |
| Etiketler: |
Etiketle
Etiket eklenmemiş, İlk siz ekleyin!
|
MARC
| LEADER | 00000nam a2200000 a 4500 | ||
|---|---|---|---|
| 001 | UCO2068 | ||
| 003 | CL-VaPUC | ||
| 005 | 20220903073949.0 | ||
| 008 | 000602e19640000CL |||||||||||||||||spa|d | ||
| 999 | |c 288609 |d 288607 | ||
| 040 | |c Pontificia Universidad Católica de Valparaíso | ||
| 082 | 0 | 4 | |a 983.04 MAR 1964 |2 21 |
| 100 | |a Martínez, Melchor, |c Fray |e autor |9 444784 | ||
| 245 | 1 | 0 | |a Memoria histórica sobre la revolución de Chile desde el cautiverio de Fernando VII hasta 1814 |
| 260 | |a Santiago, Chile |b Biblioteca Nacional |c 1964 | ||
| 300 | |a volúmenes | ||
| 490 | 0 | |a Colección de Historiadores y de Documentos Relativos a la Independencia de Chile, |v 41-42 | |
| 500 | |a v.1: 1808-1811 | ||
| 500 | |a v.2: 1811-1814 | ||
| 583 | |a last modification |c 20000602 00:00:00 |k Rodrigo Vera | ||
| 650 | 0 | |a Historia de Chile |9 265473 | |
| 650 | 0 | |a Independencia |z CHILE |9 344246 | |
| 650 | 7 | |a FUENTES HISTORICAS |2 CL-VaPUC |9 255666 |z CHILE | |
| 852 | |a BIBCUR | ||
| 942 | |c BK |2 ddc | ||
| 945 | |d 20000602 00:00:00 |a crobeson | ||
| 952 | |0 0 |1 0 |2 ddc |4 0 |6 983_040000000000000_MAR_1964 |7 0 |8 X |9 336398 |a BIBHIS |b BIBHIS |d 2019-11-20 |h v.1 |i 1279564 |o 983.04 MAR 1964 |p 1279564 |r 2023-01-25 |t 1 |w 2019-11-20 |y BK_X |k HIS | ||
| 952 | |0 0 |1 0 |2 ddc |4 0 |6 983_040000000000000_MAR_1964 |7 0 |8 X |9 336399 |a BIBHIS |b BIBHIS |d 2019-11-20 |h v.1 |i 1279572 |o 983.04 MAR 1964 |p 1279572 |r 2024-01-30 |t 2 |w 2019-11-20 |y BK_X |k HIS | ||
| 952 | |0 0 |1 0 |2 ddc |4 0 |6 983_040000000000000_MAR_1964 |7 0 |8 X |9 336400 |a BIBHIS |b BIBHIS |d 2019-11-20 |h v.2 |i 1279580 |o 983.04 MAR 1964 |p 1279580 |r 2024-01-30 |t 1 |w 2019-11-20 |y BK_X |k HIS | ||
| 952 | |0 0 |1 0 |2 ddc |4 0 |6 983_040000000000000_MAR_1964 |7 0 |8 X |9 336401 |a BIBHIS |b BIBHIS |d 2019-11-20 |h v.2 |i 1279599 |o 983.04 MAR 1964 |p 1279599 |r 2024-01-30 |t 2 |w 2019-11-20 |y BK_X |k HIS | ||